|
|
|
|
| LEADER |
00896nam a2200205 a 4500 |
| 008 |
100524s1997 enk 000 1 eng d |
| 020 |
|
|
|a 9780140623512
|
| 040 |
|
|
|a DLC
|c DLC
|d BD-DhAAL
|
| 082 |
0 |
0 |
|a 891.7/3/3
|2 21
|
| 100 |
1 |
|
|a Dostoevsky, Fyodor.
|
| 245 |
1 |
0 |
|a Crime and punishment /
|c Fyodor Dostoevsky.
|
| 260 |
|
|
|a London :
|b Penguin Books,
|c 1997.
|
| 300 |
|
|
|a v, 434 p. ;
|c 18 cm.
|
| 490 |
0 |
|
|a Penguin popular classics
|
| 541 |
1 |
|
|e 00020294
|
| 651 |
|
0 |
|a Russia
|x Fiction.
|
| 852 |
4 |
|
|a Ayesha Abed Library
|j General Shelf
|
| 999 |
|
|
|c 8690
|d 8690
|
| 952 |
|
|
|0 0
|1 0
|2 ddc
|4 0
|6 891_700000000000000_3_3_DOS_1997
|7 0
|9 10456
|a BRACUL
|b BRACUL
|c GEN
|d 2010-05-24
|l 20
|m 134
|o 891.733 DOS
|p 3010020294
|q 2026-06-02
|r 2026-05-20
|s 2026-05-20
|t 1
|w 2010-05-24
|y BK
|
| 952 |
|
|
|0 0
|1 1
|2 ddc
|4 0
|6 891_733000000000000_DOS
|7 0
|9 10457
|a BRACUL
|b BRACUL
|d 2010-05-24
|g 198.00
|l 1
|o 891.733 DOS
|p 3010020295
|r 2010-06-24
|s 2010-06-15
|t 2
|w 2010-05-24
|y BK
|